000
00314nam a2200133Ia 4500
008
220216s9999 xx 000 0 und d
100
_a
Ravindran D
245
0
_a
Future of tyre industry in India
260
_b
Rubber India
_c
2004
300
_a
12-Jul
650
_a
India
650
_a
Tyre industry
942
_c
JS
999
_c
59708
_d
59708